[Event "March Madness"]
[Site "SchemingMind.com"]
[Date "2010.03.12"]
[Round "-"]
[White "MOIMOI"]
[Black "mmccaffe"]
[Result "0-1"]
[WhiteCountry "POL"]
[BlackCountry "USA"]
[WhiteElo "1404"]
[WhiteRD "51"]
[BlackElo "1742"]
[BlackRD "57"]
[GameID "241782"]

1. Nf3 Nf6 2. Nc3 g6 3. d3 Bg7 4. Bg5 O-O 5. h3 d6 6. e3 Nbd7 7. Qd2 c6 8. a3 Qc7 9. Ne4 Nxe4 10. dxe4 Bxb2
11. Rb1 Bf6 12. h4 Ne5 13. Bxf6 Nxf3+ 14. gxf3 exf6 15. h5 Be6 16. f4 f5 17. hxg6 fxg6 18. Bh3 Qd7 19. exf5 Bxf5 20. Bxf5 Rxf5
21. e4 Qe6 22. f3 Rf7 23. Kd1 Rd8 24. Rb3 Rfd7
0-1

[Event "March Madness"]
[Site "SchemingMind.com"]
[Date "2010.03.12"]
[Round "-"]
[White "mmccaffe"]
[Black "MOIMOI"]
[Result "1-0"]
[WhiteCountry "USA"]
[BlackCountry "POL"]
[WhiteElo "1742"]
[WhiteRD "57"]
[BlackElo "1404"]
[BlackRD "51"]
[GameID "241785"]

1. d4 c5 2. g3 d5 3. Bg2 Bf5 4. Nc3 e6 5. Nf3 Qb6 6. O-O Nc6 7. e3 Be7 8. dxc5 Bxc5 9. Na4 Qb5 10. Nxc5 Qxc5
11. c3 a5 12. Qb3 b5 13. Nd4 Nxd4 14. cxd4 Qc6 15. Bd2 Nf6 16. Rac1 Qa6 17. Rc3 O-O 18. Rfc1 b4 19. Rc6 Qe2 20. Be1 Ne4
21. Bf1 Qh5 22. Bg2 Bh3 23. Qc2 e5 24. Bxh3 Qxh3 25. dxe5
1-0

[Event "March Madness"]
[Site "SchemingMind.com"]
[Date "2010.03.20"]
[Round "-"]
[White "R.Leydon"]
[Black "BigRezi"]
[Result "1-0"]
[WhiteCountry "IRL"]
[BlackCountry "USA"]
[WhiteElo "1564"]
[WhiteRD "76"]
[BlackElo "1542"]
[BlackRD "99"]
[GameID "242292"]

1. e4 e5 2. Nf3 Nf6 3. Nxe5 d6 4. Nf3 Nxe4 5. d4 d5 6. Bd3 Be7 7. O-O Nc6 8. c4 Nf6 9. Nc3 O-O 10. h3 a6
11. cxd5 Nxd5 12. Nxd5 Qxd5 13. Be3 b5 14. Rc1 Bb7 15. a3 Rad8 16. Re1 Bf6 17. Rc5 Qd7 18. Bf5 Be7 19. Bxd7
1-0

[Event "March Madness"]
[Site "SchemingMind.com"]
[Date "2010.03.19"]
[Round "-"]
[White "BigRezi"]
[Black "R.Leydon"]
[Result "0-1"]
[WhiteCountry "USA"]
[BlackCountry "IRL"]
[WhiteElo "1501"]
[WhiteRD "98"]
[BlackElo "1616"]
[BlackRD "78"]
[GameID "242297"]

1. e4 c5 2. Nf3 Nc6 3. d4 cxd4 4. Nxd4 Nf6 5. Nc3 e5 6. Ndb5 d6 7. Bg5 a6 8. Na3 b5 9. Nd5 Be7 10. Nxf6+ Bxf6
11. Bxf6 Qxf6 12. c4 b4 13. Nc2 Qg6 14. Qd5 Bb7 15. Rd1 Rd8 16. g3 O-O 17. Bg2 Rd7 18. Qd2 Na5 19. Nxb4 Bxe4 20. f3 Nxc4
21. Qc3 Bxf3 22. Bxf3 Qf6 23. O-O Rc8 24. Bd5 Nb6 25. Qxc8+ Nxc8 26. Rxf6 gxf6 27. Rc1 Nb6 28. Nxa6 Nxd5 29. b4 e4 30. Nb8 Rb7
31. Rc8+ Kg7 32. Nc6 Nxb4 33. Nxb4 Rxb4 34. Rc2 e3 35. Kf1 d5 36. Ke2 d4 37. Kd3 Kg6 38. Rf2 exf2
0-1

[Event "March Madness"]
[Site "SchemingMind.com"]
[Date "2010.03.20"]
[Round "-"]
[White "mirchandru"]
[Black "marble"]
[Result "1-0"]
[WhiteCountry "USA"]
[BlackCountry "ENG"]
[WhiteElo "1914"]
[WhiteRD "140"]
[BlackElo "1803"]
[BlackRD "73"]
[GameID "242595"]

1. c4 f5 2. Nc3 Nf6 3. Nf3 e6 4. d3 b6 5. g3 Bb7 6. Bg2 Bb4 7. O-O a6 8. Bd2 O-O 9. a3 Be7 10. Qc2 Nc6
11. d4 d5 12. cxd5 exd5 13. Qxf5 Ne4 14. Qxd5+ Kh8 15. Qxd8 Raxd8 16. Nxe4 Nxd4 17. Nxd4 Rxd4 18. Bc3 Rd7 19. Rad1 Rxd1 20. Rxd1 h6
21. Be5 Bd8 22. Nc3 Bc8 23. f4 c5 24. Bd6 Rf6 25. Bxc5 Bc7 26. Bd4 Rf8 27. e4 b5 28. Nd5 Bd8 29. Bc5 Bc7 30. Nxc7 Rf7
31. Nd5 g6 32. Kf2 Bg4 33. Bf3 Be6 34. Ke3 g5 35. f5 Bc8 36. g4 Bb7 37. e5 Rd7 38. e6 Rd8 39. e7 Re8 40. Nf6
1-0

[Event "March Madness"]
[Site "SchemingMind.com"]
[Date "2010.03.20"]
[Round "-"]
[White "marble"]
[Black "mirchandru"]
[Result "0-1"]
[WhiteCountry "ENG"]
[BlackCountry "USA"]
[WhiteElo "1803"]
[WhiteRD "73"]
[BlackElo "1914"]
[BlackRD "140"]
[GameID "242600"]

1. e4 e6 2. d4 d5 3. Nc3 dxe4 4. Nxe4 Bd7 5. Nf3 Bc6 6. Bd3 Nd7 7. O-O Ngf6 8. Ned2 Be7 9. h3 O-O 10. Re1 Bxf3
11. Qxf3 c5 12. Qxb7 cxd4 13. Ne4 Nc5 14. Nxc5 Bxc5 15. Bg5 Qd5 16. Qxd5 Nxd5 17. Be4 Rab8 18. c4 dxc3 19. Bxd5 cxb2 20. Rab1 exd5
21. Bf4 Rb5 22. Be5 Re8 23. Kf1 f6 24. Bxb2 Rxe1+ 25. Kxe1 Bd4 26. a4 Rxb2 27. Rc1 Rb7 28. Rc8+ Kf7 29. Rd8 Bc3+ 30. Kd1 d4
31. Rd5 Ke6 32. Rd8 a5 33. f4 Rb1+ 34. Ke2 Re1+ 35. Kf2 Ra1 36. Re8+ Kd7 37. Rh8 d3 38. Rxh7 f5 39. Rh5 d2 40. Rxf5 d1=Q
41. Rf7+ Ke6 42. Rxg7 Bxg7
0-1

[Event "March Madness"]
[Site "SchemingMind.com"]
[Date "2010.03.21"]
[Round "-"]
[White "maro"]
[Black "jhw"]
[Result "0-1"]
[WhiteCountry "MEX"]
[BlackCountry "RSA"]
[WhiteElo "1285"]
[WhiteRD "55"]
[BlackElo "1680"]
[BlackRD "128"]
[GameID "242685"]

1. c4 c6 2. d4 d5 3. c5 Nf6 4. Nc3 Bf5 5. e3 Nbd7 6. g3 e5 7. dxe5 Nxe5 8. Qd4 Ned7 9. e4 Bxc5 10. Qd1 Nxe4
11. Nxe4 Bxe4 12. f3 Qf6 13. fxe4 Qf2#
0-1

[Event "March Madness"]
[Site "SchemingMind.com"]
[Date "2010.03.21"]
[Round "-"]
[White "jhw"]
[Black "maro"]
[Result "1-0"]
[WhiteCountry "RSA"]
[BlackCountry "MEX"]
[WhiteElo "1701"]
[WhiteRD "123"]
[BlackElo "1286"]
[BlackRD "59"]
[GameID "242692"]

1. Nf3 Nc6 2. d4 d5 3. c4 dxc4 4. e3 Be6 5. Ng5 Bf5 6. Bxc4 e6 7. Nc3 Bb4 8. e4 Nxd4 9. exf5 Nxf5 10. O-O Be7
11. Qxd8+ Rxd8 12. Bf4 Nf6 13. Rad1 O-O 14. Nxe6 Rxd1 15. Rxd1 fxe6 16. Bxe6+ Kh8 17. Bxf5 Nh5 18. Bxc7 Rxf5 19. Bd8 Bc5 20. g4 Bxf2+
21. Kg2
1-0

[Event "March Madness"]
[Site "SchemingMind.com"]
[Date "2010.03.23"]
[Round "-"]
[White "Clive Everill"]
[Black "Gammon"]
[Result "1-0"]
[WhiteCountry "CZE"]
[BlackCountry "USA"]
[WhiteElo "1684"]
[WhiteRD "50"]
[BlackElo "1452"]
[BlackRD "52"]
[GameID "242905"]

1. e4 e6 2. d4 d5 3. Nc3 Nf6 4. e5 Nfd7 5. f4 c5 6. dxc5 Bxc5 7. Qg4 O-O 8. Nf3 f5 9. Qh3 Nb6 10. Bd3 Nc6
11. g4 Be7 12. g5 g6 13. Qg3 Bb4 14. Bd2 Nc4 15. Bxc4 dxc4 16. O-O-O a6 17. a3 Bc5 18. Kb1 Bd7 19. h4 Nd4 20. Nxd4 Bxd4
21. Ne2 Bc5 22. h5 Be8 23. hxg6 Bxg6 24. Bb4 Qc7 25. Bxc5 Qxc5 26. Nd4 Bf7 27. Qh4 Rad8 28. Qxh7#
1-0

[Event "March Madness"]
[Site "SchemingMind.com"]
[Date "2010.03.23"]
[Round "-"]
[White "Gammon"]
[Black "Clive Everill"]
[Result "0-1"]
[WhiteCountry "USA"]
[BlackCountry "CZE"]
[WhiteElo "1452"]
[WhiteRD "52"]
[BlackElo "1684"]
[BlackRD "50"]
[GameID "242909"]

1. d4 e6 2. c4 c5 3. d5 exd5 4. cxd5 Nf6 5. Nc3 Bd6 6. Nf3 a6 7. a4 Bc7 8. g3 d6 9. Bg2 O-O 10. O-O Nbd7
11. e4 Re8 12. Re1 Nf8 13. h3 Bd7 14. Rb1 Qc8 15. b4 cxb4 16. Rxb4 Ba5 17. Rb3 Bxc3 18. Re2 Ba5 19. Rc2 Qd8 20. Bg5 Bxa4
21. Bxf6 Qxf6 22. Qd4 Bxb3
0-1

[Event "March Madness"]
[Site "SchemingMind.com"]
[Date "2010.04.02"]
[Round "-"]
[White "mbeatini"]
[Black "psyberduck"]
[Result "0-1"]
[WhiteCountry "USA"]
[BlackCountry "USA"]
[WhiteElo "1512"]
[WhiteRD "128"]
[BlackElo "1432"]
[BlackRD "108"]
[GameID "243481"]

1. b4 e5 2. a3 d5 3. Bb2 Nc6 4. e3 a6 5. c4 Nf6 6. cxd5 Nxd5 7. Bc4 Bf5 8. d3 b5 9. Bb3 Be7 10. Bxe5 Nxe5
11. e4 Bxe4 12. dxe4 Nf6 13. Nd2 O-O 14. Ngf3 Nd3+ 15. Kf1 Ng4 16. Qe2 Nf4 17. Qd1 Qd3+
0-1

[Event "March Madness"]
[Site "SchemingMind.com"]
[Date "2010.04.02"]
[Round "-"]
[White "psyberduck"]
[Black "mbeatini"]
[Result "0-1"]
[WhiteCountry "USA"]
[BlackCountry "USA"]
[WhiteElo "1409"]
[WhiteRD "109"]
[BlackElo "1495"]
[BlackRD "115"]
[GameID "243491"]

1. e4 c5 2. Nf3 g6 3. d4 cxd4 4. Nxd4 Bg7 5. c3 d5 6. Bd3 Nc6 7. O-O dxe4 8. Bxe4 e5 9. Nxc6 bxc6 10. Qxd8+ Kxd8
11. Rd1+ Kc7 12. Be3 Nf6 13. f3 Bb7 14. Na3 Nd5 15. Nc4 Nxe3 16. Nxe3 f5 17. Bxf5 gxf5 18. Nxf5 Bf6 19. Rd6 Rhf8 20. Rad1 Rad8
21. c4 Rxd6 22. Rxd6 Be7 23. c5 Rxf5
0-1

[Event "March Madness"]
[Site "SchemingMind.com"]
[Date "2010.04.05"]
[Round "-"]
[White "pnwmusichound"]
[Black "big_al"]
[Result "0-1"]
[WhiteCountry "USA"]
[BlackCountry "ENG"]
[WhiteElo "1793"]
[WhiteRD "91"]
[BlackElo "1919"]
[BlackRD "94"]
[GameID "243818"]

1. e4 g6 2. d4 Bg7 3. Nc3 d6 4. f4 a6 5. Nf3 b5 6. Bd3 Nd7 7. O-O Bb7 8. f5 gxf5 9. exf5 c5 10. dxc5 Nxc5
11. Qe2 Nf6 12. h3 b4 13. Nd1 Nxd3 14. Qxd3 Qc7 15. Nh4 Be4 16. Qg3 Rg8 17. Ne3 h5 18. Qf2 Bh6 19. Nd5 Nxd5 20. Bxh6 Qxc2
21. Rae1 Rc8 22. Re2 Qd3 23. Rfe1 Nf6 24. Qf1 Rc2 25. Rxe4 Qxf1+ 26. Kxf1 Nxe4 27. Rxe4 Rxb2 28. f6 e5 29. Bg7 Kd7 30. Rc4 Rc8
31. Rxc8 Kxc8 32. Nf5 Kd7 33. g4 hxg4 34. hxg4 Rxa2 35. Ke1 b3 36. Kd1 Ra1+
0-1

[Event "March Madness"]
[Site "SchemingMind.com"]
[Date "2010.04.05"]
[Round "-"]
[White "palaciorep"]
[Black "PeterLiberty"]
[Result "1/2-1/2"]
[WhiteCountry "ARG"]
[BlackCountry "USA"]
[WhiteElo "1675"]
[WhiteRD "81"]
[BlackElo "1572"]
[BlackRD "64"]
[GameID "243822"]

1. e4 c5 2. Nc3 d6 3. Bb5+ Bd7 4. Bxd7+ Nxd7 5. Nf3 Ngf6 6. d3 e6 7. h3 Be7 8. O-O O-O 9. Nh2 a6 10. Ng4 Qc7
11. Nxf6+ Nxf6 12. Ne2 Rac8 13. Ng3 d5 14. f3 Qxg3 15. f4 Nh5 16. Rf3 Qg6 17. exd5 exd5 18. Bd2 Bh4 19. Be1 Bxe1 20. Qxe1 Rfe8
21. Qf2 d4 22. g4 f5 23. g5 Re7 24. Re1 Rxe1+ 25. Qxe1 Nxf4 26. h4 Nh5 27. Qe5 b6 28. Rxf5 Re8 29. Qd5+ Kh8 30. Kf2 h6
31. Qf3 Kh7 32. gxh6 Re3 33. Qxh5 Qxh5 34. Rxh5= g6 35. Rd5 Re6 36. h5 Rf6+ 37. Ke1 Kxh6 38. hxg6 Rxg6 39. Kf2 Rg5=
1/2-1/2

[Event "March Madness"]
[Site "SchemingMind.com"]
[Date "2010.04.01"]
[Round "-"]
[White "spoke"]
[Black "tomate34"]
[Result "1-0"]
[WhiteCountry "GER"]
[BlackCountry "GER"]
[WhiteElo "1750"]
[WhiteRD "60"]
[BlackElo "1721"]
[BlackRD "183"]
[GameID "243823"]

1. e4 g6 2. d4 Bg7 3. Nc3 d6 4. Be3 a6 5. Qd2 b5 6. Bd3 Nc6 7. Nf3 h6 8. a3 Bg4 9. Be2 Bxf3 10. Bxf3 e5
11. d5 Na5 12. b3 Nb7 13. O-O Nf6 14. b4 g5 15. a4 bxa4 16. Rxa4 a5 17. Rfa1 Nd7 18. bxa5 Nbc5 19. R4a3 O-O 20. Bg4 Nf6
21. Bf5 Nfd7 22. Na4 Na6 23. Bxd7 Qxd7 24. c4 c5 25. Nb6
1-0

[Event "March Madness"]
[Site "SchemingMind.com"]
[Date "2010.04.05"]
[Round "-"]
[White "big_al"]
[Black "pnwmusichound"]
[Result "1-0"]
[WhiteCountry "ENG"]
[BlackCountry "USA"]
[WhiteElo "1919"]
[WhiteRD "94"]
[BlackElo "1793"]
[BlackRD "91"]
[GameID "243826"]

1. e4 Nf6 2. e5 Nd5 3. d4 d6 4. Nf3 Bg4 5. Be2 e6 6. O-O Nc6 7. c4 Nb6 8. exd6 cxd6 9. Nc3 Be7 10. d5 exd5
11. cxd5 Nb8 12. Qd4 Bxf3 13. Bxf3 O-O 14. Bf4 N8d7 15. Be4 Nf6 16. Bf5 g6 17. Bh3 Nbd7 18. Rfe1 a6 19. Bg5 Re8 20. g3 Rc8
21. Kf1 Nxd5 22. Bxe7 Nxe7 23. Qxd6 Rc6 24. Qxd7 Rc7 25. Qxd8 Rxd8 26. Rad1 Rxd1 27. Rxd1 Rc5 28. Rd7 Rh5 29. Rxe7 Rxh3 30. Kg2 Rh5
31. Rxb7 a5 32. a4 Rg5 33. Rb5 f5 34. Rxa5 Kg7 35. Rb5 h5 36. f4
1-0

[Event "March Madness"]
[Site "SchemingMind.com"]
[Date "2010.04.05"]
[Round "-"]
[White "PeterLiberty"]
[Black "palaciorep"]
[Result "0-1"]
[WhiteCountry "USA"]
[BlackCountry "ARG"]
[WhiteElo "1572"]
[WhiteRD "64"]
[BlackElo "1675"]
[BlackRD "81"]
[GameID "243830"]

1. e4 e5 2. Nf3 Nc6 3. Bb5 Nge7 4. O-O a6 5. Ba4 Ng6 6. c3 Na7 7. d4 exd4 8. cxd4 Be7 9. Nc3 c6 10. Be3 O-O
11. Bb3 b5 12. Qc2 Nh4 13. Nxh4 Bxh4 14. g3 Be7 15. d5 b4 16. Na4 Rb8 17. Bxa7 Rb7 18. Bc5 a5 19. dxc6 dxc6 20. Bxe7 Qxe7
21. Qxc6 Rc7 22. Qd5 Be6 23. Qd3 Bh3 24. Rfe1 Rd7 25. Qe3 Rfd8 26. Nc5 Rd2 27. Rab1 h6 28. Bc4 R2d4 29. Bb3 R8d6 30. Rbd1 Rxd1
31. Rxd1 Rxd1+ 32. Bxd1 Be6 33. Nxe6 Qxe6 34. Bb3 Qe5 35. Qe2 g6 36. Qc2 Kg7 37. Qc4 Qe7 38. Qd4+ f6 39. f4 g5 40. e5 gxf4
41. gxf4 f5 42. e6+ Kg6 43. Qf2 Qc7 44. Qe3 Qe7 45. Qg3+ Kh7 46. Qh3 Kg6 47. Qe3 Kh7 48. Kf2 Qh4+ 49. Qg3 Qe7= 50. Kg2 Qb7+
51. Qf3 Qg7+ 52. Kh3 Kh8 53. Qe2 Qe7 54. Qe5+ Kg8 55. Qxf5 Kh8 56. Qg6 Qf8 57. f5 a4 58. Bxa4 Qc5 59. Qxh6+ Kg8 60. Qg6+ Kh8
61. f6 Qe3+ 62. Kh4 Qf4+ 63. Qg4 Qxf6+ 64. Kg3 Qe5+ 65. Kh4 Qxh2+ 66. Kg5 Qe5+ 67. Qf5 Qg3+ 68. Kf6 Qg7#
0-1

[Event "March Madness"]
[Site "SchemingMind.com"]
[Date "2010.04.01"]
[Round "-"]
[White "tomate34"]
[Black "spoke"]
[Result "1-0"]
[WhiteCountry "GER"]
[BlackCountry "GER"]
[WhiteElo "1721"]
[WhiteRD "183"]
[BlackElo "1750"]
[BlackRD "60"]
[GameID "243831"]

1. e4 e5 2. f4 d5 3. exd5 e4 4. d3 Nf6 5. dxe4 Nxe4 6. Nf3 Bc5 7. Qe2 Bf5 8. Nc3 Qe7 9. Be3 Bxe3 10. Qxe3 Nxc3
11. Qxe7+ Kxe7 12. bxc3 Be4 13. Kd2 Rd8 14. Re1 f5 15. c4 Kf6 16. Ng5
1-0

[Event "March Madness"]
[Site "SchemingMind.com"]
[Date "2010.04.02"]
[Round "-"]
[White "Theodoric"]
[Black "jtrochez1"]
[Result "1-0"]
[WhiteCountry "ENG"]
[BlackCountry "HON"]
[WhiteElo "2024"]
[WhiteRD "74"]
[BlackElo "1603"]
[BlackRD "47"]
[GameID "243921"]

1. e4 e5 2. Nf3 d6 3. d4 Bg4 4. dxe5 Bxf3 5. Qxf3 dxe5 6. Bc4 Qf6 7. Qb3 Bc5 8. Be3 Bb6 9. Nc3 Ne7 10. Bxb6 cxb6
11. Nb5 Nbc6 12. Nc7+ Kf8 13. Nxa8 Nd4 14. Qd3 g6 15. c3 Ne6 16. Bxe6 Qxe6 17. Nc7 Qc6 18. Nd5 Nxd5 19. exd5 Qd6 20. O-O Kg7
21. c4 f6 22. Rad1 a6 23. a3 Rc8 24. b4 Kf7 25. Qh3 Rh8 26. Rfe1 h5 27. f4 Kg7 28. fxe5 fxe5 29. Re4 a5 30. Qg3 Re8
31. Rb1 a4 32. Qg5 Qf6 33. Qxf6+ Kxf6 34. Rf1+ Kg5 35. h4+ Kh6 36. Rf7
1-0

[Event "March Madness"]
[Site "SchemingMind.com"]
[Date "2010.04.01"]
[Round "-"]
[White "jtrochez1"]
[Black "Theodoric"]
[Result "0-1"]
[WhiteCountry "HON"]
[BlackCountry "ENG"]
[WhiteElo "1603"]
[WhiteRD "47"]
[BlackElo "2024"]
[BlackRD "74"]
[GameID "243922"]

1. e4 e6 2. d4 d5 3. e5 c5 4. Nf3 Nc6 5. c3 Qb6 6. Qa4 Bd7 7. Qb5 Nxe5 8. Qxb6 Nxf3+ 9. gxf3 axb6 10. Be3 Bd6
11. Nd2 c4 12. Be2 b5 13. f4 Nf6 14. Bf3 b4 15. Ke2 O-O 16. h4 h6 17. h5 bxc3 18. bxc3 b5 19. Bg2 b4 20. Nxc4 Bb5
21. cxb4 Bxc4+ 22. Kf3 Bxb4 23. Bf1 Rxa2 24. Rxa2 Bxa2 25. Bd3 Bc4 26. Bxc4 dxc4 27. Ke2 Nd5 28. Rc1 Rc8 29. Kf3 Nxe3 30. fxe3 c3
31. e4 c2 32. d5 Ba3
0-1

[Event "March Madness"]
[Site "SchemingMind.com"]
[Date "2010.04.02"]
[Round "-"]
[White "highway61"]
[Black "memet"]
[Result "0-1"]
[WhiteCountry "USA"]
[BlackCountry "TUR"]
[WhiteElo "1706"]
[WhiteRD "90"]
[BlackElo "1641"]
[BlackRD "65"]
[GameID "244027"]

1. d4 d5 2. Nc3 Nf6 3. Bg5 e6 4. e4 dxe4 5. Nxe4 Be7 6. Bxf6 Bxf6 7. Nf3 Nd7 8. Nxf6+ Nxf6 9. Qd2 O-O 10. Bd3 Re8
11. O-O-O a5 12. h4 h5 13. Rde1 a4 14. Re5 a3 15. Ra5 axb2+ 16. Kxb2 Rxa5 17. Qxa5 Nd5 18. Ng5 Qf6 19. Qa4 c6 20. f3 b5
21. Qa7 Re7 22. Qc5 Nf4 23. Qxc6 Qxd4+ 24. c3 Nxd3+ 25. Kb1 Qd7 26. Qe4 f5 27. Qe2 Nf4 28. Qc2 Qd3 29. Rd1 Qxc2+ 30. Kxc2 Rd7
31. c4 Rxd1 32. Kxd1 bxc4 33. a4 Nxg2 34. Kc2 Nxh4 35. Kc3 Bb7 36. Kxc4 Bd5+ 37. Kd3 Nxf3 38. Nxf3 Bxf3 39. Ke3 Bd5 40. Kf2 Kf7
41. Kg3 g5
0-1

[Event "March Madness"]
[Site "SchemingMind.com"]
[Date "2010.04.02"]
[Round "-"]
[White "memet"]
[Black "highway61"]
[Result "1-0"]
[WhiteCountry "TUR"]
[BlackCountry "USA"]
[WhiteElo "1641"]
[WhiteRD "65"]
[BlackElo "1706"]
[BlackRD "90"]
[GameID "244034"]

1. e4 c6 2. d4 d5 3. Nc3 dxe4 4. Nxe4 Bf5 5. Ng3 Bg6 6. h4 h5 7. c3 Nf6 8. Bd3 Bxd3 9. Qxd3 g6 10. Nf3 Nbd7
11. Bf4 Bg7 12. O-O Nb6 13. Ne5 Nfd7 14. Rfe1 Nc5 15. Qf3 Ne6 16. b3 Nxf4 17. Qxf4 O-O 18. Re2 Nd5 19. Qd2 a5 20. Rae1 Rc8
21. c4 Nb4 22. a3 Na6 23. Qa2 Qxd4 24. Nf3 Qd6 25. Qc2 Rfe8 26. Ng5 Rc7 27. Nxh5 e5 28. Nxg7 Kxg7 29. h5 Qf6 30. Ne4 Qf5
31. Nd6 Qxc2 32. Nxe8+ Kf8 33. Rxc2 Kxe8 34. Rxe5+ Re7 35. Rxe7+ Kxe7 36. hxg6 fxg6 37. Re2+ Kf6 38. Rd2 Nc5 39. b4 Ne6 40. Rd7 axb4
41. axb4 b5 42. cxb5 cxb5 43. Rd5 Nc7 44. Rc5 Ne6 45. Rxb5 Nd4 46. Rd5 Nc2 47. b5 Ke6 48. Rc5 Nd4 49. b6 Kd6 50. Rc8 Kd7
51. Rc4 Nc6 52. Rxc6 Kxc6 53. Kh2 Kxb6 54. Kg3 Kc5 55. Kg4 Kd4 56. Kg5 Ke4 57. Kxg6 Kf4 58. Kh6 Kg4 59. Kg6 Kf4 60. f3 Kg3
61. Kg5 Kxg2 62. f4
1-0

[Event "March Madness"]
[Site "SchemingMind.com"]
[Date "2010.04.02"]
[Round "-"]
[White "Schaakmaatje"]
[Black "Orange Lion"]
[Result "0-1"]
[WhiteCountry "NED"]
[BlackCountry "NED"]
[WhiteElo "1762"]
[WhiteRD "46"]
[BlackElo "2461"]
[BlackRD "75"]
[GameID "244141"]

1. d4 Nf6 2. c4 e6 3. Nf3 b6 4. Nc3 Bb7 5. Qc2 Bb4 6. a3 Bxc3+ 7. Qxc3 O-O 8. Bg5 d6 9. g3 Nbd7 10. Bg2 c5
11. O-O Qc7 12. Rad1 Rac8 13. b3 Ne4 14. Qc1 Nxg5 15. Qxg5 Nf6 16. dxc5 bxc5 17. Qf4 e5 18. Qd2 Rfd8 19. Nh4 Bxg2 20. Nxg2 Rb8
21. Qc2 Qa5 22. a4 Qb6 23. Rb1 d5 24. e3 d4 25. exd4 cxd4 26. Rfe1 d3 27. Qc3 d2 28. Red1 Qxf2+
0-1

[Event "March Madness"]
[Site "SchemingMind.com"]
[Date "2010.04.04"]
[Round "-"]
[White "Teagy"]
[Black "BigDaddy"]
[Result "1-0"]
[WhiteCountry "ENG"]
[BlackCountry "AUT"]
[WhiteElo "1822"]
[WhiteRD "75"]
[BlackElo "1294"]
[BlackRD "58"]
[GameID "244147"]

1. e4 c5 2. Nc3 Nf6 3. d3 e6 4. g3 Nc6 5. Bg2 d5 6. exd5 exd5 7. Nf3 Bg4 8. h3 Bxf3 9. Bxf3 Nd4 10. Bg2 g6
11. O-O Bg7 12. Re1+ Ne6 13. Bg5 Qd7 14. Bxf6 Bxf6 15. Nxd5 Bg7 16. Nf4 O-O 17. Nxe6 fxe6 18. c3 Qf7 19. f4 Rab8 20. Qb3
1-0

[Event "March Madness"]
[Site "SchemingMind.com"]
[Date "2010.04.03"]
[Round "-"]
[White "Orange Lion"]
[Black "Schaakmaatje"]
[Result "1-0"]
[WhiteCountry "NED"]
[BlackCountry "NED"]
[WhiteElo "2461"]
[WhiteRD "75"]
[BlackElo "1762"]
[BlackRD "46"]
[GameID "244149"]

1. e4 e5 2. f4 exf4 3. Nf3 Be7 4. Bc4 Nf6 5. e5 Ne4 6. d3 Bh4+ 7. Kf1 Nf2 8. Qe1 g5 9. Rg1 Nxd3 10. Qe4 Nxc1
11. Nc3 Nxa2 12. Bxa2 Qe7 13. Nd5 Qc5 14. Nxh4 gxh4 15. Qxf4 Qxc2 16. Nxc7+
1-0

[Event "March Madness"]
[Site "SchemingMind.com"]
[Date "2010.04.04"]
[Round "-"]
[White "BigDaddy"]
[Black "Teagy"]
[Result "0-1"]
[WhiteCountry "AUT"]
[BlackCountry "ENG"]
[WhiteElo "1369"]
[WhiteRD "55"]
[BlackElo "1839"]
[BlackRD "77"]
[GameID "244155"]

1. e4 e6 2. d4 d5 3. Nf3 dxe4 4. Ne5 Nf6 5. Bg5 Be7 6. Nc3 Nbd7 7. Nxd7 Bxd7 8. Bxf6 Bxf6 9. Nxe4 O-O 10. Bd3 Bxd4
11. Qh5 g6 12. Ng5 gxh5 13. Bxh7+ Kg7 14. O-O-O Qxg5+ 15. Rd2 Kxh7 16. h4 Bxb2+
0-1

[Event "March Madness"]
[Site "SchemingMind.com"]
[Date "2010.04.08"]
[Round "-"]
[White "APB"]
[Black "Naoki_M"]
[Result "0-1"]
[WhiteCountry "ENG"]
[BlackCountry "JPN"]
[WhiteElo "1635"]
[WhiteRD "63"]
[BlackElo "1689"]
[BlackRD "70"]
[GameID "244300"]

1. e4 c5 2. c3 d5 3. Qa4+ Bd7 4. Bb5 dxe4 5. Bxd7+ Nxd7 6. Qxe4 Qc7 7. Nf3 Ngf6 8. Qa4 g6 9. O-O Bg7 10. d3 O-O
11. Bf4 Qd8 12. d4 cxd4 13. Nxd4 e5 14. Bxe5 Nxe5 15. Rd1 Qb6 16. b4 Rad8 17. Na3 Nfd7 18. c4 Nc6 19. c5 Qxb4 20. Qxb4 Nxb4
21. Rab1 Bxd4 22. Rxd4 Nxa2 23. Rxb7 Nxc5 24. Rxd8 Rxd8 25. Rb1 Nc3 26. Re1 Ne2+ 27. Kh1 Nf4 28. Nb5 a5 29. g3 Nfe6 30. Na7 Ra8
31. Nc6 a4
0-1

[Event "March Madness"]
[Site "SchemingMind.com"]
[Date "2010.04.08"]
[Round "-"]
[White "Naoki_M"]
[Black "APB"]
[Result "1-0"]
[WhiteCountry "JPN"]
[BlackCountry "ENG"]
[WhiteElo "1689"]
[WhiteRD "70"]
[BlackElo "1635"]
[BlackRD "63"]
[GameID "244305"]

1. d4 d5 2. c4 dxc4 3. Nf3 Bg4 4. Nc3 Bd7 5. e4 b5 6. Be2 e6 7. a3 b4 8. axb4 Bxb4 9. Bxc4 Nf6 10. O-O O-O
11. Bg5 Be7 12. Bxf6 Bxf6 13. e5 Be7 14. Ne4 f6 15. exf6 Bxf6 16. Nxf6+ Qxf6 17. Re1 Kh8 18. Qd2 Qg6 19. Bd3 Qh5 20. Ne5 Rf6
21. Be4 Rh6 22. Qxh6 Qxh6 23. Nf7+
1-0

[Event "March Madness"]
[Site "SchemingMind.com"]
[Date "2010.05.18"]
[Round "-"]
[White "spoke"]
[Black "palaciorep"]
[Result "1-0"]
[WhiteCountry "GER"]
[BlackCountry "ARG"]
[WhiteElo "1749"]
[WhiteRD "70"]
[BlackElo "1642"]
[BlackRD "81"]
[GameID "249210"]

1. e4 e5 2. Nf3 Nc6 3. Bc4 h6 4. d4 exd4 5. Nxd4 Nxd4 6. Qxd4 f6 7. O-O c6 8. a4 a6 9. Nc3 Qe7 10. Bf4 c5
11. Qd5 d6 12. Rad1 Kd7 13. Bxd6 Qe5 14. Bxe5+
1-0

[Event "March Madness"]
[Site "SchemingMind.com"]
[Date "2010.05.18"]
[Round "-"]
[White "palaciorep"]
[Black "spoke"]
[Result "1/2-1/2"]
[WhiteCountry "ARG"]
[BlackCountry "GER"]
[WhiteElo "1679"]
[WhiteRD "79"]
[BlackElo "1718"]
[BlackRD "73"]
[GameID "249214"]

1. e4 e5 2. Nf3 Nc6 3. Bb5 Bb4 4. c3 Ba5 5. Bxc6 dxc6 6. Qa4 Bb6 7. O-O Qe7 8. h3 Bd7 9. Qc2 Nf6 10. d3 h6
11. Nbd2 Nh7 12. Nh2 O-O 13. Ndf3 f5 14. exf5 Bxf5 15. Qe2 Rae8 16. Be3 Bxe3 17. fxe3 e4 18. dxe4 Bxe4 19. Nd2 Nf6 20. Nxe4 Qxe4
21. Rf3 Nd5 22. Rxf8+ Kxf8 23. Rf1+ Kg8 24. Ng4 h5 25. Nf2 Qh4 26. e4 Re5 27. Qf3 Nf6 28. g3 Qg5 29. Rd1 h4 30. g4 Nh5
31. Nd3 Re8 32. Rf1 Nf6 33. e5 Rxe5 34. Nxe5 Qxe5 35. Qf2 g5 36. Re1 Qd6 37. Qe3 Kf7 38. Qe5 b6 39. Qxd6 cxd6 40. Re2 d5
41. Re5 Ne4 42. Kg2 b5 43. Kf1 a5 44. Ke2 a4 45. Ke3 Kf6 46. Rxe4 dxe4 47. Kxe4 Ke6 48. Kd4 Kd6 49. c4 b4 50. b3 c5+
51. Ke4 axb3 52. axb3 Ke6=
1/2-1/2

[Event "March Madness"]
[Site "SchemingMind.com"]
[Date "2010.05.24"]
[Round "-"]
[White "mirchandru"]
[Black "sidra"]
[Result "0-1"]
[WhiteCountry "USA"]
[BlackCountry "HUN"]
[WhiteElo "1702"]
[WhiteRD "93"]
[BlackElo "1738"]
[BlackRD "101"]
[GameID "249817"]

1. c4 e5 2. Nc3 c6 3. Nf3 d6 4. d4 exd4 5. Qxd4 h6 6. Bf4 Nf6 7. e4 Be7 8. Rd1 c5 9. Qd2 Nc6 10. Be2 a6
11. O-O O-O 12. Bxd6 Bxd6 13. Qxd6 Qxd6 14. Rxd6 Re8 15. Nd2 Be6 16. f3 Nd4 17. b3 Nd7 18. f4 Nxe2+ 19. Nxe2 Nf8 20. f5 Bd7
21. Nc3 Bc6 22. Nd5 Bxd5 23. Rxd5 b6 24. e5 Nh7 25. Nf3 f6 26. e6 Ra7 27. h4 a5 28. a4 Rb7 29. Rfd1 Rbb8 30. Rd7 Nf8
31. R7d5 g6 32. g4 gxf5 33. gxf5 Kg7 34. Kf2 Rb7 35. Nd2 Ree7 36. Ne4 Nxe6 37. fxe6 Rxe6 38. Nd6 Rbe7 39. Nf5+ Kf8 40. Nxe7 Kxe7
41. Re1 Rxe1 42. Kxe1 Ke6 43. Ke2 f5 44. Kf3 h5
0-1